000 01254 a2200289 4500
001 16923
020 _a9788516055509
020 _q(broch.)
041 _apor
082 _a028.5
100 _aDreguer, Ricardo.
250 _a2.ed.
300 _a48p.
490 _aViagens da Bia
520 _aBia é filha de uma diplomata e viaja com a mãe por diferentes continentes: África, Europa, Ásia, América. Nessas viagens ela conhece muitas das influências que os habitantes de outros países trouxeram para o Brasil. Neste livro viaje com a Bia para a Ásia. Conheça Índia, China, Jordânia, Mongólia, Coreia do Sul, Uzbequistão, Nepal e Tailândia. Também more com ela no Japão! Nesses países você conhecerá costumes bem diferentes dos nossos e refletirá sobre os significados das tradições de cada povo . Boa viagem!
521 _aYear 4
697 _aLiteratura infantojuvenil.
697 _aDiversidade cultural.
830 _aViagens da Bia
856 _u000026/000026d0.jpg
040 _aBR-BrIDEA
_cBR-BrIDEA
090 _aAP Year 4 028
_bDRE
245 1 0 _aBia na Ásia
_cRicardo Dreguer; ilustrações de Thiago Lopes
260 _aSão Paulo
_bModerna
_c2018
700 _aLopes, Thiago
_eilustrador
942 _cBK
999 _c16923
_d16923